| 000 | 01228cam a22003255a 4500 | ||
|---|---|---|---|
| 001 | 14329750 | ||
| 005 | 20170321100614.0 | ||
| 008 | 060405s2006 enkb frb 001 0 eng d | ||
| 010 | _a 2006296132 | ||
| 015 | _aGBA4-Y1446 | ||
| 020 | _a1850434522 | ||
| 020 | _a9781850434528 | ||
| 035 | _a(OCoLC)ocm56461489 | ||
| 040 |
_aUKM _beng _cUKM _dOCLCQ _dBAKER _dBWKUK _dDLC _dEG-ScBUE |
||
| 043 |
_ae-uk--- _af------ |
||
| 082 | 0 | 4 |
_a353.150941096 _bKIR _222 |
| 100 | 1 |
_aKirk-Greene, A. H. M. _q(Anthony Hamilton Millard) |
|
| 245 | 1 | 0 |
_aSymbol of authority : _bthe British district officer in Africa / _cAnthony Kirk-Greene. |
| 260 |
_aLondon ; _aNew York : _bI. B. Tauris, _c2006. |
||
| 300 |
_axxi, 333 p. : _bmap ; _c23 cm. |
||
| 490 | 0 |
_aInternational library of colonial history ; _v1 |
|
| 504 | _aIncludes bibliographical references (p. 305-322) and index. | ||
| 650 | _2BUEsh | ||
| 651 | 7 |
_aGreat Britain _xColonies _zAfrica _xHistory. _2BUEsh |
|
| 651 | 7 |
_aGreat Britain _xColonies _xAdministration. _2BUEsh |
|
| 651 | 7 |
_aGreat Britain _xColonies _xOfficials and employees. _2BUEsh |
|
| 653 |
_bBUSBOL _cMarch2017 |
||
| 942 | _2ddc | ||
| 999 |
_c24494 _d24466 |
||